[Event "St Chely d'Aubrac op 8th"]
[Site "St Chely d'Aubrac"]
[Date "2008.07.14"]
[Round "3"]
[White "Desboeufs, Claude"]
[Black "Robert, Thierry"]
[Result "0-1"]
[WhiteElo "1564"]
[BlackElo "1862"]
[PlyCount "106"]
[EventDate "2008.07.13"]
[EventType "swiss"]
[EventRounds "9"]
[EventCountry "FRA"]
[SourceTitle "CBM 125 Extra"]
[Source "ChessBase"]
[SourceDate "2008.09.01"]
[SourceVersion "1"]
[SourceVersionDate "2008.09.01"]
[SourceQuality "1"]

1. c4 Nf6 2. Nc3 e6 3. d4 d5 4. cxd5 Nxd5 5. Nf3 Nxc3 6. bxc3 Be7 7. g3 c6 8. Bg2 Nd7 9. 0-0 Nf6 10. Ne5 0-0 11. e4 Re8 12. Nd3 Nd7 13. e5 f6 14. f4 f5 15. g4 Nf8 16. g5 Rb8 17. Bf3 Qc7 18. Bh5 Rd8 19. Rf3 g6 20. Rh3 c5 21. Be3 cxd4 22. cxd4 Ba3 23. Qb3 Qe7 24. Bf3 b6 25. d5 exd5 26. Bxd5+ Be6 27. Bxe6+ Nxe6 28. Rb1 Rbc8 29. Nb4 Bxb4 30. Qxb4 Qxb4 31. Rxb4 Rc2 32. Rb1 Rxa2 33. Rf3 Rd3 34. Rbf1 Kf8 35. R1f2 Rxf2 36. Kxf2 Rb3 37. Bc1 Rxf3+ 38. Kxf3 Ke7 39. Ke3 Kd7 40. Kd3 b5 41. Be3 a5 42. Kc3 Kc6 43. Kb3 Kd5 44. h4 Ke4 45. Bc1 Kd3 46. Ka3 Kc4 47. Be3 b4+ 48. Ka4 b3 49. Bc1 Kc3 50. Ka3 Kc2 51. Bb2 Nxf4 52. Bd4 Ne6 53. Bb2 f4 0-1

[Event "St Chely d'Aubrac op 7th"]
[Site "St Chely d'Aubrac"]
[Date "2007.07.18"]
[Round "6"]
[White "Desboeufs, Claude"]
[Black "Meyer, Bernard"]
[Result "1-0"]
[WhiteElo "1660"]
[BlackElo "1410"]
[PlyCount "76"]
[EventDate "2007.07.07"]
[EventType "swiss"]
[EventRounds "9"]
[EventCountry "FIN"]
[SourceTitle "EXT 2008"]
[Source "ChessBase"]
[SourceDate "2007.11.25"]
[SourceVersion "1"]
[SourceVersionDate "2007.11.25"]
[SourceQuality "1"]

1. c4 e5 2. Nc3 Nf6 3. Nf3 Nc6 4. g3 Bb4 5. Bg2 0-0 6. 0-0 Re8 7. Qc2 d5 8. cxd5 Nd4 9. Qd1 Bxc3 10. bxc3 Nxf3+ 11. Bxf3 Nxd5 12. Qc2 c6 13. Rb1 Rb8 14. d3 a5 15. a3 Bh3 16. Bg2 Bxg2 17. Kxg2 b5 18. e4 Nf6 19. f4 Ng4 20. Qe2 Qd7 21. f5 Nf6 22. Bg5 Qd6 23. Bc1 Red8 24. Rf3 c5 25. h3 b4 26. c4 bxa3 27. Rxb8 Rxb8 28. Bxa3 Rb3 29. Bc1 Qb6 30. g4 h5 31. g5 Nh7 32. h4 a4 33. g6 fxg6 34. fxg6 Qxg6+ 35. Rg3 Qe8 36. Bh6 g6 37. Qxh5 Rb2+ 38. Kf3 Qf7+ 1-0

[Event "St Chely d'Aubrac op 5th"]
[Site "St Chely d'Aubrac"]
[Date "2005.07.11"]
[Round "4"]
[White "Desboeufs, Claude"]
[Black "Richard, Emma"]
[Result "0-1"]
[WhiteElo "1599"]
[BlackElo "1870"]
[PlyCount "126"]
[EventDate "2005.07.09"]
[EventType "swiss"]
[EventRounds "9"]
[EventCountry "FRA"]
[SourceTitle "CBM 107 Extra"]
[Source "ChessBase"]
[SourceDate "2005.09.01"]
[SourceVersion "1"]
[SourceVersionDate "2005.09.01"]
[SourceQuality "1"]

1. c4 Nf6 2. d4 d6 3. Nc3 Nbd7 4. e4 e5 5. d5 Be7 6. Bd3 Nc5 7. Bc2 a5 8. a4 0-0 9. Nge2 Bg4 10. f3 Bh5 11. g4 Bg6 12. h4 h6 13. h5 Bh7 14. g5 hxg5 15. Bxg5 Nxd5 16. Bxe7 Nxc3 17. Nxc3 Qxe7 18. Nd5 Qg5 19. Qe2 c6 20. Ne3 Qg3+ 21. Kd2 Qf4 22. Rag1 Rfd8 23. Rg4 Qh6 24. Ke1 Ne6 25. Nf5 Bxf5 26. exf5 Nd4 27. Qd3 Nxc2+ 28. Qxc2 Qe3+ 29. Qe2 Qxe2+ 30. Kxe2 Kf8 31. Rhg1 Ke7 32. Rxg7 Rh8 33. Rh1 Rh6 34. Rg4 Rah8 35. Rgh4 Kf6 36. Ke3 Kxf5 37. b3 d5 38. c5 d4+ 39. Kd3 Rg8 40. Rb1 Rg3 41. Ke2 Kg5 42. Rh2 Rxh5 43. Rxh5+ Kxh5 44. Kf2 Rg7 45. b4 axb4 46. Rxb4 f5 47. Rb1 Kg6 48. a5 Kf6 49. Rb6 Rc7 50. Rb1 e4 51. f4 Ke6 52. Rc1 Kd5 53. Ke2 Rh7 54. Kf2 d3 55. Rb1 Kxc5 56. Ke3 Rh3+ 57. Kd2 Kc4 58. Rxb7 e3+ 59. Kc1 d2+ 60. Kc2 Rh1 61. Rb1 Rxb1 62. Kxb1 Kb3 63. a6 d1Q# 0-1

[Event "St Chely d'Aubrac op 5th"]
[Site "St Chely d'Aubrac"]
[Date "2005.07.10"]
[Round "2"]
[White "Desboeufs, Claude"]
[Black "Ruetsch, Johan"]
[Result "0-1"]
[WhiteElo "1599"]
[BlackElo "1270"]
[PlyCount "114"]
[EventDate "2005.07.09"]
[EventType "swiss"]
[EventRounds "9"]
[EventCountry "FRA"]
[SourceTitle "CBM 107 Extra"]
[Source "ChessBase"]
[SourceDate "2005.09.01"]
[SourceVersion "1"]
[SourceVersionDate "2005.09.01"]
[SourceQuality "1"]

1. c4 e5 2. Nc3 Nf6 3. Nf3 Nc6 4. g3 d5 5. cxd5 Nxd5 6. Bg2 Bc5 7. 0-0 0-0 8. Qb3 Be6 9. Qxb7 Nxc3 10. Qxc6 Nxe2+ 11. Kh1 Nxc1 12. Qxc5 Nd3 13. Qc3 e4 14. Ne5 Nxe5 15. Qxe5 Qxd2 16. Bxe4 Rab8 17. b3 Bh3 18. Bg2 Rfe8 19. Qxc7 Bxg2+ 20. Kxg2 Qd5+ 21. Kg1 a5 22. Rad1 Qb5 23. Rd7 Rf8 24. Rfd1 h6 25. R1d5 Qe2 26. Qxa5 Rbc8 27. Rc7 Rxc7 28. Qxc7 Qe1+ 29. Kg2 Qe4+ 30. Kf1 Qxd5 31. Qc2 Qb5+ 32. Kg2 Qb7+ 33. f3 Rc8 34. Qd3 Qa7 35. a4 Qb6 36. Qd5 Rc2+ 37. Kh1 Qe6 38. Qd8+ Kh7 39. Qd3+ Qg6 40. Qd1 Rb2 41. Qd4 Qb1+ 42. Qg1 Qxg1+ 43. Kxg1 Rxb3 44. Kf2 Ra3 45. h4 Rxa4 46. Ke3 h5 47. f4 f6 48. f5 g5 49. fxg6+ Kxg6 50. Kf3 Kf5 51. Kg2 Kg4 52. Kf2 Ra3 53. Kg2 Rxg3+ 54. Kf2 Ra3 55. Kg2 Ra2+ 56. Kf1 Kf3 57. Ke1 Rh2 0-1

[Event "SUI-ch HT3"]
[Site "Silvaplana"]
[Date "2003.??.??"]
[Round "4"]
[White "Desboeufs, Claude"]
[Black "Ruhle, Ernst Albrecht"]
[Result "1-0"]
[WhiteElo "1583"]
[BlackElo "1558"]
[PlyCount "89"]
[EventDate "2003.07.10"]
[EventType "swiss"]
[EventRounds "7"]
[EventCountry "SUI"]
[SourceTitle "CBM 095 Extra"]
[Source "ChessBase"]
[SourceDate "2003.09.04"]
[SourceVersion "1"]
[SourceVersionDate "2003.09.04"]
[SourceQuality "1"]

1. c4 Nf6 2. d4 e5 3. dxe5 Ng4 4. Bf4 Nc6 5. Nf3 Bb4+ 6. Nc3 Qe7 7. Qb3 Bc5 8. e3 Ngxe5 9. Nxe5 Nxe5 10. Nd5 Qd6 11. Rd1 c6 12. Nc3 Qc7 13. Be2 0-0 14. 0-0 d6 15. Ne4 Bb6 16. Nxd6 Ng6 17. Bg3 Qe7 18. Bf3 Be6 19. Rfe1 Rfd8 20. e4 Rd7 21. Nf5 Qc5 22. Rxd7 Bxd7 23. Qc2 Re8 24. Nd6 Rb8 25. Nxf7 Rf8 26. Nd6 Ne5 27. Nxb7 Qxc4 28. Qxc4+ Nxc4 29. b3 Na5 30. Nxa5 Bxa5 31. Rd1 Bc8 32. Bd6 Rd8 33. e5 Bb7 34. h3 Rd7 35. Rc1 Bc7 36. Bxc6 Bxc6 37. Rxc6 Bxd6 38. Rxd6 Rxd6 39. exd6 Kf7 40. f4 Ke6 41. d7 Kxd7 42. g4 Ke6 43. Kf2 g6 44. Ke3 h6 45. a4 1-0

[Event "Zuerich op-B 25th"]
[Site "Zuerich"]
[Date "2001.??.??"]
[Round "2"]
[White "Desboeufs, Claude"]
[Black "Gaehler, Marco"]
[Result "0-1"]
[WhiteElo "1683"]
[BlackElo "1876"]
[PlyCount "42"]
[EventDate "2001.12.26"]
[EventType "swiss"]
[EventRounds "7"]
[EventCountry "SUI"]
[SourceTitle "EXT 2019"]
[Source "ChessBase"]
[SourceDate "2018.10.10"]
[SourceVersion "1"]
[SourceVersionDate "2018.10.10"]
[SourceQuality "1"]

1. c4 e5 2. Nc3 d6 3. g3 g6 4. Nf3 Bg7 5. e4 Ne7 6. d3 0-0 7. Be3 h6 8. h4 f5 9. Qd2 fxe4 10. Nh2 Nf5 11. dxe4 Nxe3 12. Qxe3 Nc6 13. 0-0-0 Nd4 14. f3 c5 15. Ng4 Rxf3 16. Qd2 Bxg4 17. Bh3 Bxh3 18. Rxh3 Qf8 19. Re1 h5 20. Nd5 Bh6 21. Ne7+ Kh8 0-1